000 00397nam a2200109Ia 4500
008 230320s9999||||xx |||||||||||||| ||spa||
082 _aUMDGU/11-15/1
100 _aCarpio Centellas, Luis Ricardo
245 0 _aEvaluación Formativa Y Comportamiento Organizacional En Oficiales De La Maestría En Ciencias Militares De La Escuela Superior De Guerra Del Ejército
260 _bUMCH
942 _80
_cLIB
999 _c48258
_d48258